Analýza a modifikácia génov a genómov

Bibliographic Details
Main Authors: Omelka, Radoslav (Author), Martiniaková, Monika, 1977- (Author), Mondočková, Vladimíra, 1983- (Author), Kováčová, Veronika (Author), Bauerová, Mária, 1961- (Author), Brdička, Radim, 1933- (Author)
Format: Book
Language:Slovak
PhysicalDescription:126 strán farebné fotografie, grafy, ilustrácie, schémy 25 cm
Published: Nitra Univerzita Konštantína Filozofa v Nitre 2022
ISBN:9788055819396
Edition:Prvé vydanie
Series:Prírodovedec
Subjects:

MARC

LEADER 00000nam a2200000 4500
001 vtls012228055
003 SK-MaSNL
005 20260302003453.0
008 230420s2022 xo a frnp 000 0 slo
015 |a SNBA2023/05 
020 |a 9788055819396  |q (brožované) 
040 |a SNK  |b slo  |c SNK  |e rda 
041 0 |a slo 
044 |a xo  |c SK 
072 7 |a 575  |x Všeobecná genetika. Všeobecná cytogenetika. Evolúcia  |2 konspekt 
072 7 |a 37.016  |x Učebné osnovy. Vyučovacie predmety. Učebnice  |2 konspekt 
072 7 |a 577  |x Biochémia. Molekulárna biológia. Biofyzika  |2 konspekt 
080 |a 575.113  |2 2011 
080 |a 575.111  |2 2011 
080 |a (075.8)  |2 2011 
080 |a 577.2  |2 2011 
080 |a 577.21  |2 2011 
080 |a 57.088.7  |2 2011 
100 1 |a Omelka, Radoslav  |4 aut  |9 22382 
245 1 0 |a Analýza a modifikácia génov a genómov  |c Radoslav Omelka, Monika Martiniaková, Vladimíra Mondočková, Veronika Kováčová, Mária Bauerová, Radim Brdička 
250 |a Prvé vydanie 
264 1 |a Nitra  |b Univerzita Konštantína Filozofa v Nitre  |c 2022 
300 |a 126 strán  |b farebné fotografie, grafy, ilustrácie, schémy  |c 25 cm 
336 |a text  |b txt  |2 rdacontent 
337 |a bez média  |b n  |2 rdamedia 
338 |a zväzok  |b nc  |2 rdacarrier 
366 |e 100 kusov 
490 1 |a Prírodovedec  |v č. 794 
500 |a Obsahuje použité skratky 
504 |a Bibliografia na strane 118-121 
650 0 7 |a gény  |2 SNKPH  |9 20152 
650 0 7 |a Genes  |2 SNKPHeng  |9 397074 
650 0 7 |a genóm  |2 SNKPH  |9 20128 
650 0 7 |a Genome  |2 SNKPHeng  |9 364652 
650 0 7 |a molekulárna biológia  |2 SNKPH  |9 68116 
650 0 7 |a Molecular biology  |2 SNKPHeng  |9 75872 
650 0 7 |a molekulárna genetika  |2 SNKPH  |9 67991 
650 0 7 |a Molecular genetics  |2 SNKPHeng  |9 101726 
650 0 7 |a genetické metódy  |2 SNKPH  |9 236311 
650 0 7 |a Genetic methods  |2 SNKPHeng  |9 369444 
655 7 |a učebnice vysokých škôl  |2 SNKPH  |9 70191 
655 7 |a Textbooks (higher)  |2 SNKPHeng  |9 276436 
700 1 |a Martiniaková, Monika,  |d 1977-  |4 aut  |9 193062 
700 1 |a Mondočková, Vladimíra,  |d 1983-  |4 aut  |9 219024 
700 1 |a Kováčová, Veronika  |4 aut  |9 267997 
700 1 |a Bauerová, Mária,  |d 1961-  |4 aut  |9 11091 
700 1 |a Brdička, Radim,  |d 1933-  |4 aut  |9 221165 
710 2 |a Univerzita Konštantína Filozofa v Nitre.  |b Fakulta prírodných vied a informatiky  |4 pbl  |9 222929 
830 0 |a Prírodovedec  |9 266401 
852 |a Slovenská národná knižnica 
919 |a 978-80-558-1939-6 
954 |a odborná, vedecká literatúra pôvodná (slovenská)  |2 lita 
958 |a NB 
999 |c 992124  |d 994054 
952 |a SNK  |b SNK  |y PREZ  |7 0  |p 17A1519671  |o snkSC 201837  |i snk2023/6440  |8 0  |0 0  |1 0  |4 0  |d 2023-04-20  |l 0  |r 2025-10-24 00:00:00  |w 2026-02-24 
952 |a SNK  |b SNK  |y VYP  |7 0  |p 17A1519672  |o snkSC 201837 D1  |i snk2023/6441  |8 0  |0 0  |1 0  |4 0  |d 2023-04-20  |l 0  |r 2026-02-24 11:52:59  |w 2026-02-24